| 000 | 00837nas a2200265 4500 | ||
|---|---|---|---|
| 001 | BR2011000781 | ||
| 003 | BR-BrBNA | ||
| 005 | 20231205114430.0 | ||
| 007 | ta | ||
| 008 | 230509b bl.|||p| |||| 00| 00por d | ||
| 040 |
_aBR-BrBNA _bpor _cBiblioteca Nacional de Agricultura |
||
| 041 | _a(Pt) | ||
| 072 | _aF03 | ||
| 100 | 1 | _aSchorn, L.A. | |
| 100 | 1 | _aSilva, R. de G.X. da | |
| 100 | 1 | _aMagro, B.A. | |
| 245 | 1 | _aSecagem e armazenamento de sementes de Albizia niopoides Benth. e Bauhinia forficata Link. | |
| 650 | _aCORAÇÃO-DE-NEGRO | ||
| 650 | _aMORORÓ | ||
| 650 | _aSEMENTE | ||
| 650 | _aGERMINAÇÃO | ||
| 773 | 0 |
_tRevista Acadêmica. Ciências Agrárias e Ambientais (Brazil) _xISSN 0103-989X _g(Apr-Jun 2010), v. 8(2) p. 225-231 _wBR2011000781 |
|
| 909 |
_a202311 _bLúcia _c55 _dLúcia Elande |
||
| 942 |
_2AGRIS _n0 _cANA |
||
| 999 |
_c208750 _d208750 |
||